000 00760nam a22002177a 4500
999 _c8811
_d8811
003 AR-CdUCM
008 190326b ||||| |||| 00| 0 spa d
020 _a8449964083
040 _aMUNICIPALIDAD PROVINCIAL DEL CUSCO
_cBIBLIOTECA MUNICIPAL DEL CUSCO
082 _a801.953 /
_bC578
100 _aChurchill, Winston
_912604
245 _aGrandes contemporáneos /
260 _aMadrid :
_bHyspanoamerica,
_c1983.
300 _a285 páginas ;
_c20 cm.
500 _aPremio nobel 1953.
505 _aContenido: El conde de Rosebery -- El exKaiser -- Bernard Shaw -- Joseph Chamberlain -- Sir John French -- John Morley ...
650 _aLiteratura universal
_9611
650 _aAutores contemporáneos
_924554
942 _2ddc
_cLIBROS
945 _alccs